|
|
|
|
| LEADER |
00000naa2a2200000 4500 |
| 001 |
621507 |
| 005 |
20240406180407.0 |
| 035 |
|
|
|a (RuTPU)RU\TPU\conf\20123
|
| 035 |
|
|
|a RU\TPU\conf\20121
|
| 090 |
|
|
|a 621507
|
| 100 |
|
|
|a 20170110d2016 k y0rusy50 ca
|
| 101 |
0 |
|
|a rus
|
| 102 |
|
|
|a RU
|
| 105 |
|
|
|a y z 101zy
|
| 135 |
|
|
|a drgn ---uucaa
|
| 181 |
|
0 |
|a i
|
| 182 |
|
0 |
|a b
|
| 200 |
1 |
|
|a Разработка программно-технического комплекса мониторинга давления удаленного объекта
|f А. Г. Нигай, Ю. З. Васильева
|g науч. рук. Е. В. Кравченко
|
| 203 |
|
|
|a Текст
|c электронный
|
| 225 |
1 |
|
|a Автоматизированные системы управления технологическими процессами
|
| 300 |
|
|
|a Заглавие с титульного экрана
|
| 320 |
|
|
|a [Библиогр.: с. 122-123 (4 назв.)]
|
| 461 |
|
1 |
|0 (RuTPU)RU\TPU\conf\20053
|t Интеллектуальные энергосистемы
|o труды IV Международного молодёжного форума, 10-14 октября 2016 г., г. Томск
|o в 3 т.
|f Национальный исследовательский Томский политехнический университет (ТПУ), Энергетический институт (ЭНИН)
|d 2016
|
| 463 |
|
1 |
|0 (RuTPU)RU\TPU\conf\20054
|t Т. 1
|v [С. 119-123]
|d 2016
|
| 610 |
1 |
|
|a труды учёных ТПУ
|
| 610 |
1 |
|
|a электронный ресурс
|
| 610 |
1 |
|
|a программно-технические комплексы
|
| 610 |
1 |
|
|a мониторинг
|
| 610 |
1 |
|
|a давление
|
| 610 |
1 |
|
|a удаленные объекты
|
| 610 |
1 |
|
|a распределенные системы
|
| 700 |
|
1 |
|a Нигай
|b А. Г.
|c специалист в области информатики и вычислительной техники
|c инженер Томского политехнического университета
|f 1992-
|g Александр Герасимович
|3 (RuTPU)RU\TPU\pers\37146
|
| 701 |
|
1 |
|a Васильева
|b Ю. З.
|c специалист в области электроэнергетики
|c научный сотрудник, доцент Томского политехнического университета, кандидат технических наук
|f 1995-
|g Юлия Захаровна
|y Томск
|3 (RuTPU)RU\TPU\pers\46564
|9 22222
|
| 702 |
|
1 |
|a Кравченко
|b Е. В.
|c специалист в области теплоэнергетики
|c доцент Томского политехнического университета, кандидат технических наук
|f 1981-
|g Евгений Владимирович
|4 727
|
| 712 |
0 |
2 |
|a Национальный исследовательский Томский политехнический университет (ТПУ)
|b Энергетический институт (ЭНИН)
|b Кафедра автоматизации теплоэнергетических процессов (АТП)
|3 (RuTPU)RU\TPU\col\18678
|
| 801 |
|
2 |
|a RU
|b 63413507
|c 20210128
|g RCR
|
| 856 |
4 |
|
|u http://earchive.tpu.ru/handle/11683/36309
|
| 942 |
|
|
|c BK
|